| 000 | 00849nam a2200241Ia 4500 | ||
|---|---|---|---|
| 003 | OSt | ||
| 005 | 20220923211001.0 | ||
| 006 | a|||||r|||| 00| 0 | ||
| 007 | ta | ||
| 008 | 220922b |||||||| |||| 00| 0 hin d | ||
| 020 |
_a8170163056 (HBK) _c1000 |
||
| 024 | _a237,203 | ||
| 037 |
_b403, 23/03/2009, Swaraj Prakashan _cTextual |
||
| 040 |
_aARTS _cARTS _bhin |
||
| 041 |
_2hin _ahin |
||
| 082 | _aO152,6N12w,1, N6.1-.3 | ||
| 100 |
_aशर्मा, रामविलास _9156829 |
||
| 245 | 0 | _aअपनी धरती अपने लोग | |
| 246 | _aApanī dharatī apane loga | ||
| 260 |
_aनयी दिल्ली _b किताबघर _c1996 |
||
| 942 |
_hO152,6N12w,1, N6.1-.3 _cTEXL _2CC |
||
| 999 |
_c293501 _d293501 |
||